| 000 | 00653nam a22002057a 4500 | ||
|---|---|---|---|
| 005 | 20130702152314.0 | ||
| 010 | _aB-508948-949 | ||
| 020 |
_a9788131759875 _c299.00 |
||
| 035 | _aB-508948-949 | ||
| 037 |
_adpl _bKBD/Ven |
||
| 082 | _a547 | ||
| 100 | _aSingh, D.K. | ||
| 245 |
_aConceptual Problems in Organic Chemistry/ _cby D.K. Singh |
||
| 250 | _a2nd | ||
| 260 |
_aNew Delhi _bPearson _c2013 |
||
| 270 |
_a11 Community Centre, Panchsheel Park, _bNew Delhi _e110017 |
||
| 300 |
_a410p. _c23cm(pbk) |
||
| 942 |
_2ddc _cEN _h547 _mSIN |
||
| 999 |
_c77139 _d77139 |
||